[Event "ACP Masters Cup (rapid) 2015"]
[Site "Ashdod, Israel"]
[Date "2015.12.08"]
[Round "5"]
[White "Georgiev, Kiril"]
[Black "Jakovenko, Dmitry"]
[Result "1/2-1/2"]
[WhiteElo "2633"]
[BlackElo "2700"]
[PlyCount "131"]
[EventDate "2015.??.??"]

1. d4 Nf6 2. Nf3 e6 3. Bf4 b6 4. e3 Bb7 5. h3 Be7 6. Bd3 c5 7. O-O O-O 8. c3 d6
9. Nbd2 cxd4 10. cxd4 Nc6 11. Bg3 Nb4 12. Be2 d5 13. a3 Nc6 14. Rc1 Bd6 15.
Bxd6 Qxd6 16. Rc3 Rfc8 17. Qb1 Ne7 18. Rfc1 Qd8 19. Bd3 h6 20. Ne5 Rxc3 21.
Rxc3 Rc8 22. Qc2 Rxc3 23. Qxc3 Qc8 24. Qxc8+ Nxc8 25. g4 Nd6 26. Kf1 Kf8 27.
Ke2 g5 28. Nb1 Nfe8 29. b3 f6 30. Nf3 Nc7 31. h4 Bc8 32. hxg5 hxg5 33. Nc3 Ke7
34. Nd2 e5 35. f3 e4 36. Bc2 exf3+ 37. Kxf3 f5 38. gxf5 Nxf5 39. Nf1 Be6 40.
Bd3 Kf6 41. Nh2 Nh4+ 42. Kg3 Nf5+ 43. Kf2 Nd6 44. Nf3 Bf5 45. Bf1 Nf7 46. Bg2
Ke6 47. Kg3 Kd6 48. Nd2 Be6 49. Bf3 Ke7 50. Be2 Ne8 51. Nb5 a5 52. Nc3 Kd6 53.
e4 dxe4 54. Ndxe4+ Kc7 55. Bc4 Bxc4 56. bxc4 Ned6 57. Nxd6 Nxd6 58. c5 bxc5 59.
dxc5 Nc4 60. a4 Kc6 61. Ne4 Nb2 62. Nd6 Nxa4 63. Nc4 Kb5 64. Nxa5 Kxa5 65. Kg4
Nxc5 66. Kxg5 1/2-1/2

[Event "ACP Masters Cup (rapid) 2015"]
[Site "Ashdod, Israel"]
[Date "2015.12.08"]
[Round "5"]
[White "Nepomniachtchi, Ian"]
[Black "Guseinov, Gadir"]
[Result "1/2-1/2"]
[WhiteElo "2707"]
[BlackElo "2739"]
[PlyCount "63"]
[EventDate "2015.??.??"]

1. d4 g6 2. e4 c5 3. dxc5 Qa5+ 4. c3 Qxc5 5. Nf3 Bg7 6. Na3 Nf6 7. Be3 Qa5 8.
Nc4 Qc7 9. e5 Ng4 10. Bf4 b5 11. Ne3 Nxe3 12. fxe3 e6 13. Bxb5 Qb6 14. Qb3 Bb7
15. Be2 Qc7 16. Qb4 Bf8 17. Qc4 Nc6 18. Nd4 Rc8 19. Bf3 Nxd4 20. Qxd4 Bc5 21.
Qd2 O-O 22. O-O f5 23. Rad1 Rf7 24. c4 Bxf3 25. Rxf3 Bf8 26. b3 Bg7 27. Qd6 Qa5
28. Rf2 h6 29. Qd2 Qc7 30. Qd6 Qa5 31. Qd2 Qc7 32. Qd6 1/2-1/2

[Event "ACP Masters Cup (rapid) 2015"]
[Site "Ashdod, Israel"]
[Date "2015.12.08"]
[Round "4"]
[White "Smirin, Ilia"]
[Black "Eljanov, Pavel"]
[Result "1-0"]
[WhiteElo "2613"]
[BlackElo "2763"]
[PlyCount "91"]
[EventDate "2015.??.??"]

1. e4 e5 2. Nf3 Nc6 3. Bb5 a6 4. Ba4 Nf6 5. O-O Be7 6. Re1 b5 7. Bb3 d6 8. c3
O-O 9. h3 Nb8 10. d4 Nbd7 11. Nbd2 Bb7 12. Bc2 Re8 13. Nf1 Bf8 14. Ng3 g6 15.
Bg5 h6 16. Bd2 Bg7 17. Qc1 Kh7 18. h4 exd4 19. cxd4 c5 20. e5 dxe5 21. dxe5 Ng4
22. e6 Rxe6 23. Rxe6 fxe6 24. h5 Bxf3 25. hxg6+ Kg8 26. gxf3 Nge5 27. Kg2 Nf8
28. Bxh6 Nfxg6 29. Bxg7 Kxg7 30. Be4 Rc8 31. f4 Nf7 32. Bxg6 Kxg6 33. Qc2+ Kg7
34. Rd1 Qc7 35. Qc3+ Kf8 36. Qf6 e5 37. Ne4 Qe7 38. Qf5 Rc6 39. Ng5 exf4 40.
Rd8+ Kg7 41. Rd7 Qxg5+ 42. Qxg5+ Rg6 43. Qxg6+ Kxg6 44. Ra7 Ne5 45. Rxa6+ Kf5
46. Ra5 1-0

[Event "ACP Masters Cup (rapid) 2015"]
[Site "Ashdod, Israel"]
[Date "2015.12.08"]
[Round "4"]
[White "Sutovsky, Emil"]
[Black "Ivanchuk, Vassily"]
[Result "0-1"]
[WhiteElo "2647"]
[BlackElo "2710"]
[PlyCount "54"]
[EventDate "2015.??.??"]

1. e4 e6 2. d4 d5 3. Nc3 Bb4 4. e5 c5 5. a3 Bxc3+ 6. bxc3 Qa5 7. Bd2 Qa4 8. h4
Ne7 9. h5 Nbc6 10. h6 gxh6 11. Nf3 cxd4 12. cxd4 Nxd4 13. Bd3 Nec6 14. Rb1 Rg8
15. Kf1 Nxf3 16. gxf3 b6 17. Qe2 Nd4 18. Qe3 Ba6 19. Rc1 Nf5 20. Qe2 Bxd3 21.
cxd3 Kd7 22. Bxh6 Rac8 23. Rxc8 Rxc8 24. Bd2 h6 25. Bb4 a5 26. Bd6 Rc1+ 27. Kg2
Nh4+ 0-1

[Event "ACP Masters Cup (rapid) 2015"]
[Site "Ashdod, Israel"]
[Date "2015.12.08"]
[Round "4"]
[White "Rapport, Richard"]
[Black "Bacrot, Etienne"]
[Result "1/2-1/2"]
[WhiteElo "2715"]
[BlackElo "2692"]
[PlyCount "109"]
[EventDate "2015.??.??"]

1. e4 e5 2. f4 exf4 3. Nf3 Ne7 4. Nc3 d5 5. d4 dxe4 6. Nxe4 Nd5 7. Bd3 Be7 8.
c4 Ne3 9. Qe2 O-O 10. Bxe3 fxe3 11. O-O-O Bg4 12. Qxe3 Nc6 13. d5 Nb4 14. Bb1
f5 15. Ned2 Qd6 16. a3 Na6 17. h3 Bxf3 18. Nxf3 Rae8 19. Rhe1 Nc5 20. Bc2 a5
21. Kb1 Qb6 22. Nd4 Bf6 23. Qd2 g6 24. Nb5 c6 25. Nc3 cxd5 26. cxd5 Rc8 27. Na4
Nxa4 28. Bxa4 Bc3 29. Re6 Qxe6 30. dxe6 Bxd2 31. Rxd2 Rc7 32. Bd7 Ra8 33. e7
Kf7 34. e8=Q+ Rxe8 35. Bxe8+ Kxe8 36. Rd5 b6 37. Rd6 Rb7 38. Kc2 Ke7 39. Rc6
Kd7 40. Rf6 Rc7+ 41. Kd2 Rc6 42. Rf7+ Ke6 43. Rxh7 Ke5 44. h4 Rc4 45. Ke3 Rc2
46. b4 Rb2 47. Rh6 axb4 48. axb4 f4+ 49. Kf3 Kf5 50. h5 g5 51. g3 fxg3 52. Kxg3
Rb3+ 53. Kg2 Rb2+ 54. Kg3 Rb3+ 55. Kg2 1/2-1/2

[Event "ACP Masters Cup (rapid) 2015"]
[Site "Ashdod, Israel"]
[Date "2015.12.08"]
[Round "5"]
[White "Bacrot, Etienne"]
[Black "Smirin, Ilia"]
[Result "1-0"]
[WhiteElo "2692"]
[BlackElo "2613"]
[PlyCount "129"]
[EventDate "2015.??.??"]

1. e4 e5 2. Nf3 Nc6 3. Bb5 a6 4. Ba4 Nf6 5. O-O Be7 6. d3 b5 7. Bb3 O-O 8. Nc3
d6 9. a3 Bb7 10. Re1 Qd7 11. Ba2 Rfe8 12. Ng5 Nd8 13. f4 exf4 14. Bxf4 Bf8 15.
Qf3 h6 16. Nh3 Qg4 17. Qf1 Qg6 18. Bd2 Ne6 19. Re3 Nh5 20. Rf3 c6 21. Kh1 Rad8
22. Rf5 Rd7 23. Qf3 Nf6 24. Ne2 c5 25. Bc3 Be7 26. Rf1 Bd8 27. Qf2 Ng4 28. Qg3
Nf6 29. Bxe6 Rxe6 30. Nhf4 Qxg3 31. Nxg3 b4 32. Nxe6 fxe6 33. Rxf6 gxf6 34.
axb4 cxb4 35. Bxb4 d5 36. Bc3 e5 37. exd5 Bxd5 38. Ne4 Kg7 39. Ra1 a5 40. g4 h5
41. h3 hxg4 42. hxg4 Kg6 43. Kh2 f5 44. gxf5+ Kxf5 45. Rf1+ Kg6 46. Kg3 Be7 47.
Bxa5 Bxe4 48. dxe4 Bg5 49. Bc3 Bf4+ 50. Kf3 Rh7 51. Ke2 Rh3 52. Rf3 Rh2+ 53.
Rf2 Rh4 54. Rg2+ Kf7 55. Be1 Rh3 56. Bd2 Ke6 57. Rf2 Rh4 58. Kd3 Rh3+ 59. Kc4
Bxd2 60. Rxd2 Re3 61. b4 Rxe4+ 62. Kc5 Re1 63. b5 e4 64. c4 e3 65. Rb2 1-0

[Event "ACP Masters Cup (rapid) 2015"]
[Site "Ashdod, Israel"]
[Date "2015.12.08"]
[Round "5"]
[White "Eljanov, Pavel"]
[Black "Sutovsky, Emil"]
[Result "1-0"]
[WhiteElo "2763"]
[BlackElo "2647"]
[PlyCount "77"]
[EventDate "2015.??.??"]

1. d4 Nf6 2. Nf3 g6 3. Bg5 Bg7 4. c3 Ne4 5. Bh4 O-O 6. Nbd2 f5 7. e3 d5 8. Be2
Nd7 9. c4 c6 10. O-O Ndf6 11. Rc1 Be6 12. Ng5 Nxg5 13. Bxg5 Ne4 14. cxd5 Bxd5
15. Nxe4 fxe4 16. Bc4 Rf5 17. Bh4 Bf6 18. Bg3 e6 19. b4 h5 20. h3 Bh4 21. Qe2
Qe7 22. Bxd5 exd5 23. Bxh4 Qxh4 24. b5 cxb5 25. Qxb5 Raf8 26. Qxb7 Rxf2 27.
Qxd5+ Kh7 28. Qe5 Kh6 29. d5 Qf6 30. Qxf6 R2xf6 31. d6 Rxf1+ 32. Rxf1 Rd8 33.
Rd1 Kg5 34. d7 h4 35. Rd4 Kf5 36. Kf2 g5 37. g4+ Ke5 38. Ke2 Kf6 39. Kd2 1-0

[Event "ACP Masters Cup (rapid) 2015"]
[Site "Ashdod, Israel"]
[Date "2015.12.08"]
[Round "5"]
[White "Ivanchuk, Vassily"]
[Black "Rapport, Richard"]
[Result "1/2-1/2"]
[WhiteElo "2710"]
[BlackElo "2715"]
[PlyCount "70"]
[EventDate "2015.??.??"]

1. d4 Nf6 2. Nf3 e6 3. c4 c5 4. g3 cxd4 5. Nxd4 Nc6 6. Bg2 Bc5 7. Nb3 Be7 8.
Nc3 b6 9. Nd4 Bb7 10. Nxc6 Bxc6 11. Bxc6 dxc6 12. O-O O-O 13. b3 Qc8 14. Bg5 h6
15. Bxf6 Bxf6 16. Qc2 Qa6 17. a4 Rfd8 18. Rad1 Qa5 19. Ne4 Be5 20. Rxd8+ Rxd8
21. Rd1 Rxd1+ 22. Qxd1 f5 23. Nd2 Qc3 24. Nf3 Qa1 25. Qxa1 Bxa1 26. e4 Kf7 27.
Kf1 fxe4 28. Nd2 e3 29. fxe3 Kf6 30. Ke2 Ke5 31. Kd3 Kf5 32. h3 h5 33. Nf3 c5
34. Nh4+ Ke5 35. Nf3+ Kf5 1/2-1/2

[Event "Chinese League (Division A) 2015"]
[Site "China CHN"]
[Date "2015.12.08"]
[Round "19"]
[White "Guo, Qi"]
[Black "Khotenashvili, Bela"]
[Result "0-1"]
[WhiteElo "2443"]
[BlackElo "2513"]
[PlyCount "94"]
[EventDate "2015.04.10"]
[WhiteTeam "Jiangsu"]
[BlackTeam "Tianjing"]

1. d4 Nf6 2. Nf3 g6 3. Nbd2 Bg7 4. e4 d6 5. Bd3 O-O 6. O-O c5 7. d5 e6 8. dxe6
Bxe6 9. Bc4 Nc6 10. Bxe6 fxe6 11. e5 dxe5 12. Ng5 Qd5 13. c4 Qd7 14. Nde4 Qxd1
15. Rxd1 Nxe4 16. Nxe4 b6 17. Be3 Nd4 18. Rd2 h6 19. Rad1 g5 20. h3 Kf7 21. Rd3
Kg6 22. Kf1 Rfc8 23. a4 a6 24. Rc1 Bf8 25. Ra3 Rab8 26. Nd2 Be7 27. g3 h5 28.
Kg2 g4 29. hxg4 hxg4 30. f3 gxf3+ 31. Nxf3 Bf6 32. Rh1 Rh8 33. Rxh8 Rxh8 34. g4
e4 35. Nd2 Rh4 36. a5 Rxg4+ 37. Kf1 b5 38. Bxd4 b4 39. Re3 Bxd4 40. Rxe4 Kf5
41. Rxg4 Kxg4 42. b3 Be3 43. Ne4 Kf3 44. Nd6 e5 45. Nf7 Bf4 46. Nd6 e4 47. Nf5
Bg3 0-1

[Event "Chinese League (Division A) 2015"]
[Site "China CHN"]
[Date "2015.12.08"]
[Round "19"]
[White "Wang, Yue"]
[Black "Wei, Yi"]
[Result "1-0"]
[WhiteElo "2726"]
[BlackElo "2706"]
[PlyCount "89"]
[EventDate "2015.04.10"]
[WhiteTeam "Tianjing"]
[BlackTeam "Jiangsu"]

1. d4 Nf6 2. c4 g6 3. Nc3 d5 4. Nf3 Bg7 5. Qb3 dxc4 6. Qxc4 O-O 7. e4 Be6 8.
Qd3 c5 9. d5 Bg4 10. Bg5 b5 11. Qxb5 Nbd7 12. Bc1 Rb8 13. Qa6 Rb6 14. Qxa7 e6
15. d6 Bxf3 16. gxf3 Ne8 17. f4 Nxd6 18. e5 Rb7 19. Qa6 Rb6 20. Qd3 c4 21. Qd1
Nf5 22. Bg2 Nh4 23. O-O Nxg2 24. Kxg2 f6 25. exf6 Bxf6 26. Qf3 Qa8 27. Rd1
Qxf3+ 28. Kxf3 Rb7 29. Ne4 Be7 30. Kg2 Nf6 31. Ng5 Rb6 32. Re1 Nd5 33. Nxe6 Rc8
34. a4 Bf6 35. a5 Ra6 36. Ra4 c3 37. b4 c2 38. Nc5 Rac6 39. Ne4 Bb2 40. Bxb2
Nxf4+ 41. Kf1 Nd3 42. Bc1 Re6 43. b5 Rd8 44. Be3 Nxe1 45. Kxe1 1-0

[Event "Chinese League (Division A) 2015"]
[Site "China CHN"]
[Date "2015.12.08"]
[Round "19"]
[White "Gu, Tianlu"]
[Black "Dzagnidze, Nana"]
[Result "0-1"]
[WhiteElo "2182"]
[BlackElo "2566"]
[PlyCount "98"]
[EventDate "2015.04.10"]
[WhiteTeam "Hangzhou"]
[BlackTeam "Heibei"]

1. d4 Nf6 2. Bg5 g6 3. Bxf6 exf6 4. c4 Bg7 5. Nc3 O-O 6. g3 c5 7. dxc5 Na6 8.
Bg2 f5 9. Qd2 Qa5 10. Nd5 Qxd2+ 11. Kxd2 Bxb2 12. Rb1 Ba3 13. Ne7+ Kg7 14. Rb3
Bb4+ 15. Kc1 Rb8 16. Nh3 Re8 17. Nxc8 Rexc8 18. Kb2 Rxc5 19. a3 Ba5 20. Bxb7
Re5 21. Bf3 Bb6 22. Ka2 Nc5 23. Rb5 d6 24. Rd1 Ne4 25. Bxe4 Rxe4 26. Rb2 Rxc4
27. Rxd6 Rbc8 28. e3 Bd8 29. Rd7 Bf6 30. Rbb7 Rc2+ 31. Kb3 Rb2+ 32. Ka4 Rc4+
33. Rb4 Rcxb4+ 34. axb4 g5 35. Kb5 Ra2 36. Rd6 Ra1 37. f4 g4 38. Nf2 Ra2 39.
Nd3 Rxh2 40. Nc5 Rg2 41. e4 Rxg3 42. exf5 Re3 43. Rd7 Re7 44. Rd6 h5 45. Nd7
Rxd7 46. Rxd7 g3 47. Rd1 h4 48. Kc4 h3 49. Rd3 Bh4 0-1

[Event "Chinese League (Division A) 2015"]
[Site "China CHN"]
[Date "2015.12.08"]
[Round "19"]
[White "Mamedyarov, Shakhriyar"]
[Black "Gao, Rui"]
[Result "1/2-1/2"]
[WhiteElo "2743"]
[BlackElo "2533"]
[PlyCount "60"]
[EventDate "2015.04.10"]
[WhiteTeam "Heibei"]
[BlackTeam "Hangzhou"]

1. d4 Nf6 2. Nf3 g6 3. Bg5 Bg7 4. Nbd2 O-O 5. c3 d5 6. e3 Nbd7 7. Be2 Re8 8. h4
c6 9. Ne5 Qb6 10. Nxd7 Bxd7 11. Qb3 e5 12. dxe5 Rxe5 13. Bf4 Ree8 14. h5 Bf5
15. hxg6 hxg6 16. Bh6 Bxh6 17. Rxh6 Bg4 18. Rh4 Bxe2 19. Kxe2 Qa6+ 20. c4 Kg7
21. Rah1 c5 22. Kd1 Rad8 23. Kc1 d4 24. exd4 cxd4 25. Qg3 Qa5 26. Qf4 g5 27.
Rh7+ Nxh7 28. Rxh7+ Kxh7 29. Qxf7+ Kh8 30. Qf6+ Kg8 1/2-1/2

[Event "Chinese League (Division A) 2015"]
[Site "China CHN"]
[Date "2015.12.08"]
[Round "19"]
[White "Bu, Xiangzhi"]
[Black "Zhao, Jun"]
[Result "1-0"]
[WhiteElo "2681"]
[BlackElo "2621"]
[PlyCount "115"]
[EventDate "2015.04.10"]
[WhiteTeam "Chongqing"]
[BlackTeam "Shandong"]

1. Nf3 Nf6 2. c4 e6 3. Nc3 b6 4. g3 Bb7 5. Bg2 Be7 6. O-O O-O 7. Re1 d5 8. cxd5
Nxd5 9. Nxd5 exd5 10. d4 Nd7 11. b3 Re8 12. Bb2 Bb4 13. Nd2 Nf6 14. a3 Bd6 15.
Nc4 Bf8 16. Qc2 Ne4 17. Ne5 f6 18. Nd3 Bd6 19. f3 Ng5 20. Nf2 c5 21. dxc5 Bxc5
22. b4 Be3 23. Qd3 Re7 24. Kh1 Qd6 25. Rad1 Rae8 26. Ne4 Qe6 27. Nc3 d4 28. Nb5
Ba6 29. Bxd4 Bxd4 30. Nxd4 Bxd3 31. Nxe6 Bxe2 32. Rxe2 Nxe6 33. f4 Kf8 34. Bc6
Rc8 35. Ba4 Nc7 36. Rxe7 Kxe7 37. Rd7+ Kf8 38. Bb3 Nb5 39. Rf7+ Ke8 40. Rxg7
Rc1+ 41. Kg2 Nd4 42. Bd5 Nf5 43. Rg8+ Ke7 44. Be4 Ne3+ 45. Kf2 Rc3 46. a4 f5
47. Bf3 Kf6 48. Rf8+ Kg6 49. h3 Nc2 50. g4 fxg4 51. hxg4 Nxb4 52. Be4+ Kg7 53.
Rd8 Rc7 54. f5 Na6 55. g5 Kf7 56. f6 Nc5 57. Bd5+ Kg6 58. Rg8+ 1-0

[Event "Chinese League (Division A) 2015"]
[Site "China CHN"]
[Date "2015.12.08"]
[Round "19"]
[White "Yu, Yangyi"]
[Black "Ni, Hua"]
[Result "1/2-1/2"]
[WhiteElo "2724"]
[BlackElo "2704"]
[PlyCount "91"]
[EventDate "2015.04.10"]
[WhiteTeam "Beijing"]
[BlackTeam "Shanghai"]

1. e4 e5 2. Nf3 Nc6 3. Bb5 Nf6 4. O-O Nxe4 5. Re1 Nd6 6. Nxe5 Be7 7. Bf1 Nxe5
8. Rxe5 O-O 9. Nc3 Bf6 10. Re1 Re8 11. Nd5 Rxe1 12. Qxe1 b6 13. Nxf6+ Qxf6 14.
f3 Bb7 15. Qf2 Re8 16. d4 Nf5 17. c3 d6 18. Bd2 h6 19. Bd3 Nh4 20. Re1 Rxe1+
21. Bxe1 Ng6 22. Qe3 Kf8 23. c4 Nf4 24. Bf1 Qe6 25. Qxe6 fxe6 26. Kf2 Kf7 27.
h4 g5 28. Bd2 Kf6 29. g3 Ng6 30. h5 Ne7 31. Bd3 e5 32. Bc3 Ke6 33. b4 Bc8 34.
b5 a6 35. a4 axb5 36. axb5 Nf5 37. dxe5 dxe5 38. Bb4 Nd6 39. Ke3 Bd7 40. Kd2
Kf7 41. g4 Kg7 42. Be2 Kf7 43. Kc3 Nb7 44. Ba3 Nc5 45. Bc1 Bc8 46. Be3 1/2-1/2

[Event "ACP Masters Cup (rapid) 2015"]
[Site "Ashdod, Israel"]
[Date "2015.12.09"]
[Round "6"]
[White "Bacrot, Etienne"]
[Black "Gelfand, Boris"]
[Result "1-0"]
[WhiteElo "2709"]
[BlackElo "2729"]
[PlyCount "77"]
[EventDate "2015.??.??"]

1. e4 c5 2. Nf3 d6 3. d4 cxd4 4. Nxd4 Nf6 5. Nc3 a6 6. h3 e5 7. Nde2 h5 8. Bg5
Be6 9. Bxf6 Qxf6 10. Nd5 Qd8 11. Qd3 Nc6 12. O-O-O g6 13. Kb1 Rc8 14. a3 Bg7
15. h4 O-O 16. g3 Na5 17. Nec3 b5 18. Bh3 Nc6 19. f4 exf4 20. gxf4 Na5 21. f5
Bxd5 22. Nxd5 Nc4 23. f6 Bxf6 24. Bxc8 Bxb2 25. e5 Bxe5 26. Rhg1 Kh7 27. Bf5
Rg8 28. Qf3 Rg7 29. Qxh5+ Kg8 30. Rxg6 Nxa3+ 31. Kc1 Qe8 32. Rxg7+ Bxg7 33. Rg1
Qe5 34. Bh7+ Kf8 35. Qxe5 dxe5 36. Bd3 a5 37. Kb2 e4+ 38. Kxa3 exd3 39. cxd3
1-0

[Event "ACP Masters Cup (rapid) 2015"]
[Site "Ashdod, Israel"]
[Date "2015.12.09"]
[Round "6"]
[White "Ivanchuk, Vassily"]
[Black "Nepomniachtchi, Ian"]
[Result "1/2-1/2"]
[WhiteElo "2825"]
[BlackElo "2821"]
[PlyCount "102"]
[EventDate "2015.??.??"]

1. e4 c5 2. Nf3 d6 3. d4 cxd4 4. Nxd4 Nf6 5. Nc3 a6 6. Be2 e5 7. Nb3 Be7 8. O-O
O-O 9. Kh1 Nc6 10. Be3 a5 11. f3 Be6 12. Nd2 d5 13. exd5 Nxd5 14. Nxd5 Qxd5 15.
c3 Rfd8 16. Qa4 Rab8 17. Bb5 Bf5 18. Ne4 Qe6 19. Bb6 Rd7 20. Rad1 Rxd1 21. Rxd1
h6 22. Ng3 Bg6 23. Bc4 Bc2 24. Qb5 Qg6 25. Rd7 Qg5 26. Ne2 Bf5 27. Rd1 Rc8 28.
Qb3 Rf8 29. Ng3 Bc8 30. Ne4 Qg6 31. Bc7 Kh8 32. Bd6 f5 33. Bxe7 Nxe7 34. Nd6 e4
35. f4 Qg4 36. Rf1 Ng6 37. g3 Qh3 38. Re1 Nxf4 39. Bf1 Qg4 40. gxf4 Qxf4 41.
Nxc8 Rxc8 42. Bg2 Rd8 43. Rf1 Qg4 44. Qe6 Rd1 45. h3 Rxf1+ 46. Bxf1 Qf3+ 47.
Kg1 Qe3+ 48. Kh1 Qf3+ 49. Bg2 Qf4 50. Qf7 Qc1+ 51. Kh2 Qf4+ 1/2-1/2

[Event "Chinese League (Division A) 2015"]
[Site "China CHN"]
[Date "2015.12.09"]
[Round "20"]
[White "Inarkiev, Ernesto"]
[Black "Yu, Yangyi"]
[Result "1/2-1/2"]
[WhiteElo "2706"]
[BlackElo "2724"]
[PlyCount "60"]
[EventDate "2015.04.10"]
[WhiteTeam "Qingdao"]
[BlackTeam "Beijing"]

1. d4 Nf6 2. c4 e6 3. Nf3 d5 4. Nc3 Bb4 5. Bg5 h6 6. Bxf6 Qxf6 7. e3 c5 8. Rc1
dxc4 9. Bxc4 cxd4 10. Qa4+ Bd7 11. Qxb4 dxc3 12. Qxc3 Qxc3+ 13. Rxc3 Nc6 14.
Ke2 Ke7 15. Rhc1 Rac8 16. e4 Na5 17. Ke3 f6 18. Nd2 Nxc4+ 19. Nxc4 e5 20. Na5
Rxc3+ 21. Rxc3 b6 22. Nc6+ Bxc6 23. Rxc6 Kd7 24. Rc3 Rc8 25. Rxc8 Kxc8 26. Kd3
Kd7 27. Kc4 Kc6 28. a4 a6 29. g4 g6 30. h3 Kd6 1/2-1/2

[Event "Chinese League (Division A) 2015"]
[Site "China CHN"]
[Date "2015.12.09"]
[Round "20"]
[White "Ni, Hua"]
[Black "Bu, Xiangzhi"]
[Result "1/2-1/2"]
[WhiteElo "2704"]
[BlackElo "2681"]
[PlyCount "77"]
[EventDate "2015.04.10"]
[WhiteTeam "Shanghai"]
[BlackTeam "Chongqing"]

1. e4 e5 2. Nf3 Nc6 3. Bb5 a6 4. Ba4 Nf6 5. O-O Be7 6. Re1 b5 7. Bb3 d6 8. c3
O-O 9. h3 Bb7 10. d4 Re8 11. Ng5 Rf8 12. Nf3 Re8 13. Nbd2 exd4 14. cxd4 Nd7 15.
Nf1 Na5 16. Bc2 Bf6 17. Bf4 Nf8 18. b4 Nc4 19. N1d2 Na5 20. Nf1 Nc4 21. N1d2
Nxd2 22. Qxd2 Ne6 23. Be3 c5 24. Rad1 cxd4 25. Nxd4 Nxd4 26. Bxd4 Rc8 27. Bb3
Rxe4 28. Rxe4 Bxe4 29. Bxf6 Qxf6 30. Qxd6 Qxd6 31. Rxd6 Bc6 32. Bd5 Bxd5 33.
Rxd5 Kf8 34. Rd6 Rc1+ 35. Kh2 Rc2 36. Rxa6 Rxf2 37. Ra5 Rb2 38. Rxb5 Rxa2 39.
Rb7 1/2-1/2

[Event "Chinese League (Division A) 2015"]
[Site "China CHN"]
[Date "2015.12.09"]
[Round "20"]
[White "Wen, Yang"]
[Black "Mamedyarov, Shakhriyar"]
[Result "0-1"]
[WhiteElo "2573"]
[BlackElo "2743"]
[PlyCount "60"]
[EventDate "2015.04.10"]
[WhiteTeam "Shandong"]
[BlackTeam "Heibei"]

1. d4 Nf6 2. Bg5 g6 3. Bxf6 exf6 4. c4 Bg7 5. Nc3 O-O 6. g3 c5 7. dxc5 f5 8.
Bg2 Na6 9. Nh3 Nxc5 10. Rc1 Ne4 11. O-O Nxc3 12. bxc3 Qc7 13. Qd3 d6 14. Nf4
Be6 15. Nxe6 fxe6 16. Rb1 Rab8 17. Rfd1 b6 18. Qxd6 Qxc4 19. Qa3 Qxe2 20. Rd7
a5 21. Qe7 Qe5 22. Rb5 Qf6 23. Qxf6 Bxf6 24. Rd6 Kf7 25. Rdxb6 Rxb6 26. Rxb6
Bxc3 27. Rb7+ Kf6 28. Rxh7 Rc8 29. Bb7 Rc5 30. a4 Rc4 0-1

[Event "Chinese League (Division A) 2015"]
[Site "China CHN"]
[Date "2015.12.09"]
[Round "20"]
[White "Xu, Minghui"]
[Black "Wang, Yue"]
[Result "1/2-1/2"]
[WhiteElo "2229"]
[BlackElo "2726"]
[PlyCount "78"]
[EventDate "2015.04.10"]
[WhiteTeam "Zhejiang"]
[BlackTeam "Tianjing"]

1. d4 Nf6 2. c4 e6 3. Nf3 Bb4+ 4. Bd2 a5 5. g3 d6 6. Bg2 Nbd7 7. O-O e5 8. dxe5
dxe5 9. Nc3 c6 10. a3 Be7 11. Qc2 O-O 12. Rab1 Qc7 13. Na4 b6 14. h3 Re8 15.
Be3 Bf8 16. Ng5 Rb8 17. Rbd1 h6 18. Ne4 Nxe4 19. Qxe4 Re6 20. Rd2 Nf6 21. Qc2
Re8 22. c5 bxc5 23. Nxc5 Rd8 24. Na4 Rxd2 25. Bxd2 c5 26. Rc1 Be6 27. Nxc5 Qxc5
28. Qxc5 Bxc5 29. Rxc5 Rxb2 30. Bxa5 Rxe2 31. Bc7 e4 32. a4 Nd5 33. Bd6 Re1+
34. Kh2 e3 35. fxe3 Nxe3 36. Bb7 Rd1 37. Bf4 Bd5 38. Bxd5 Nxd5 39. Bb8 Nb4
1/2-1/2

[Event "Chinese League (Division A) 2015"]
[Site "China CHN"]
[Date "2015.12.09"]
[Round "20"]
[White "Wei, Yi"]
[Black "Xu, Yinglun"]
[Result "1/2-1/2"]
[WhiteElo "2706"]
[BlackElo "2443"]
[PlyCount "52"]
[EventDate "2015.04.10"]
[WhiteTeam "Jiangsu"]
[BlackTeam "Guangdong"]

1. e4 c5 2. Nf3 d6 3. d4 cxd4 4. Nxd4 Nf6 5. Nc3 a6 6. Bg5 Nbd7 7. Bc4 Qb6 8.
O-O Qc5 9. Bd5 e6 10. Re1 Be7 11. Be3 Qa5 12. Bb3 Nc5 13. f3 Qc7 14. a4 Nxb3
15. Nxb3 b6 16. Qe2 O-O 17. Rad1 Rb8 18. Kh1 Bb7 19. Bg5 Rfe8 20. Rd3 h6 21.
Bf4 Nd7 22. Bg3 Ne5 23. Rd4 Rbc8 24. Nd2 Nc6 25. Rc4 Qb8 26. Qd1 Ba8 1/2-1/2

[Event "ACP Masters Cup (rapid) 2015"]
[Site "Ashdod, Israel"]
[Date "2015.12.10"]
[Round "8"]
[White "Ivanchuk, Vassily"]
[Black "Bacrot, Etienne"]
[Result "1-0"]
[WhiteElo "2825"]
[BlackElo "2700"]
[PlyCount "93"]
[EventDate "2015.??.??"]

1. e4 e5 2. Nf3 Nc6 3. Bb5 Nf6 4. d3 Bc5 5. Bxc6 dxc6 6. Nbd2 Be6 7. O-O Nd7 8.
Nb3 Be7 9. d4 f6 10. Na5 Rb8 11. dxe5 Nxe5 12. Qxd8+ Kxd8 13. Nxe5 fxe5 14. Be3
Bb4 15. Nb3 b6 16. Nc1 Bd6 17. b3 c5 18. c4 b5 19. Nd3 bxc4 20. Nxc5 Bf7 21.
bxc4 Bxc4 22. Rfc1 Bf7 23. Nd3 a5 24. Rc2 h6 25. Rac1 Ke7 26. Bc5 Kf6 27. f4
exf4 28. Bd4+ Kg5 29. Bxg7 Rhg8 30. Be5 Rge8 31. Bxf4+ Bxf4 32. Nxf4 Kxf4 33.
Rf2+ Kxe4 34. Rxf7 c5 35. Rxc5 Re5 36. Rc1 Rb2 37. Re1+ Kd5 38. Rd7+ Ke6 39.
Re7+ Kxe7 40. Rxe5+ Kf6 41. Rxa5 Kg6 42. h4 h5 43. g3 Kh6 44. Kf1 Rc2 45. a4
Ra2 46. Kg1 Rb2 47. Rg5 1-0

[Event "ACP Masters Cup (rapid) 2015"]
[Site "Ashdod, Israel"]
[Date "2015.12.10"]
[Round "10"]
[White "Ivanchuk, Vassily"]
[Black "Bacrot, Etienne"]
[Result "1/2-1/2"]
[WhiteElo "2825"]
[BlackElo "2700"]
[PlyCount "87"]
[EventDate "2015.??.??"]

1. e4 g6 2. d4 Bg7 3. Nc3 a6 4. g3 b5 5. Bg2 Bb7 6. Nge2 d6 7. O-O Nd7 8. a3 c5
9. Be3 Rb8 10. dxc5 Nxc5 11. Re1 Nd7 12. Ba7 Rc8 13. Bd4 Bxd4 14. Nxd4 Ba8 15.
a4 bxa4 16. Rxa4 Nc5 17. Rc4 Nf6 18. Nd5 Nfxe4 19. Bxe4 Nxe4 20. Rxc8 Qxc8 21.
Nb6 Qb7 22. Nxa8 Qxa8 23. Qe2 d5 24. c4 Qa7 25. Nc6 Qc5 26. cxd5 f5 27. Rd1 Kf7
28. b4 Qb6 29. Ra1 Ra8 30. Kg2 e6 31. dxe6+ Kxe6 32. b5 axb5 33. Rxa8 Qxc6 34.
Qa2+ Ke5 35. f3 Nc3 36. Qg8 Nd5 37. Qh8+ Nf6 38. Qb8+ Kd4 39. Qf4+ Kd5 40. Rd8+
Ke6 41. Qe3+ Kf7 42. Qa7+ Ke6 43. Qe3+ Kf7 44. Qa7+ 1/2-1/2

[Event "London Chess Classic 2015"]
[Site "London ENG"]
[Date "2015.12.10"]
[Round "6"]
[White "Grischuk, Alexander"]
[Black "Anand, Viswanathan"]
[Result "1-0"]
[WhiteElo "2750"]
[BlackElo "2803"]
[PlyCount "107"]
[EventDate "2015.12.04"]

1. c4 e5 2. d3 Nc6 3. Nf3 f5 4. g3 Nf6 5. Bg2 Bb4+ 6. Bd2 Bxd2+ 7. Qxd2 O-O 8.
Nc3 d6 9. O-O Bd7 10. Nd5 Nxd5 11. cxd5 Ne7 12. Qb4 Nxd5 13. Qxb7 c6 14. Nd2
Nb6 15. Qa6 d5 16. Rac1 f4 17. Nf3 Qf6 18. Qa5 Kh8 19. b3 Bg4 20. Qc3 e4 21.
Qxf6 Rxf6 22. Nd4 f3 23. exf3 exf3 24. Bh1 Rc8 25. Rfe1 h6 26. b4 Na4 27. Re3
Rcf8 28. h3 Bxh3 29. Rxf3 Bd7 30. Bg2 g5 31. Rxf6 Rxf6 32. Nf3 Kg7 33. Ne5 Be8
34. Bh3 h5 35. d4 Nb6 36. Rc3 Nc4 37. Nxc4 dxc4 38. Rxc4 Rd6 39. a3 Bf7 40. Rc5
Rxd4 41. Rxg5+ Kf6 42. Rf5+ Kg6 43. Rc5 Rd1+ 44. Kh2 Bd5 45. Bg2 Rd2 46. Bxd5
cxd5 47. Kg2 Kf5 48. Ra5 Ke4 49. Rxa7 d4 50. b5 Rb2 51. a4 Kd3 52. Rb7 Ra2 53.
b6 Rxa4 54. Rb8 1-0

[Event "London Chess Classic 2015"]
[Site "London ENG"]
[Date "2015.12.10"]
[Round "6"]
[White "Vachier-Lagrave, Maxime"]
[Black "Caruana, Fabiano"]
[Result "1/2-1/2"]
[WhiteElo "2765"]
[BlackElo "2787"]
[PlyCount "59"]
[EventDate "2015.12.04"]

1. e4 e5 2. Nf3 Nc6 3. Bb5 Nf6 4. O-O Nxe4 5. d4 Nd6 6. Bxc6 dxc6 7. dxe5 Nf5
8. Qxd8+ Kxd8 9. h3 Ke8 10. Nc3 b6 11. Rd1 Bb7 12. Bf4 Rc8 13. e6 Bd6 14. Bxd6
Nxd6 15. exf7+ Kxf7 16. Ne5+ Kf6 17. Ng4+ Kf7 18. a4 a5 19. Ne5+ Kf6 20. Ng4+
Kf7 21. Ne5+ Kf6 22. f4 Rce8 23. Rd3 g6 24. Re1 Kg7 25. Ne4 Re6 26. Red1 Rd8
27. Ng5 Re7 28. Ne4 Re6 29. Ng5 Re7 30. Ne4 1/2-1/2